[Event "Titled Tuesday intern op 25th Oct Late"]
[Site "Chess.com INT"]
[Date "2022.10.25"]
[Round "4"]
[White "Boyer, Mahel"]
[Black "Varriale, Luca"]
[Result "1-0"]
[WhiteElo "2445"]
[BlackElo "2186"]
[PlyCount "105"]
[EventDate "2022.10.25"]
[EventType "swiss (blitz)"]
[EventRounds "11"]
[EventCountry "USA"]
[SourceTitle "EXT 2024"]
[Source "ChessBase"]
[SourceDate "2023.10.10"]
[SourceVersion "1"]
[SourceVersionDate "2023.10.10"]
[SourceQuality "1"]

1. e4 c5 2. Nf3 g6 3. Bc4 Bg7 4. 0-0 Nc6 5. Re1 e6 6. c3 Nge7 7. Bb3 0-0 8. d4 cxd4 9. cxd4 d5 10. e5 Qb6 11. Nc3 Nf5 12. Na4 Qd8 13. Bg5 f6 14. exf6 Bxf6 15. h4 h6 16. Be3 Kh7 17. h5 g5 18. Qd3 g4 19. Nh2 Rg8 20. g3 Qe8 21. Nc5 Qxh5 22. Bf4 Ncxd4 23. Be5 Bxe5 24. Rxe5 Rg6 25. Rae1 b6 26. Qxd4 Nxd4 27. Rxh5 bxc5 28. Bd1 Rb8 29. b3 c4 30. Nxg4 c3 31. Ne5 c2 32. Bxc2 Nxc2 33. Rc1 Nd4 34. Rd1 Nb5 35. Nxg6 Kxg6 36. Rh4 Nd6 37. f3 Bb7 38. Rg4+ Kf6 39. Rf4+ Kg6 40. Re1 Bc8 41. Ra4 Rb7 42. Ra6 Nf5 43. g4 Nd4 44. Kf2 Rc7 45. Rd6 Rc2+ 46. Ke3 Nc6 47. Kd3 Nb4+ 48. Kd4 Rd2+ 49. Kc3 Rd3+ 50. Kxb4 Rxf3 51. Rc6 Rf4+ 52. Ka3 Bd7 53. Rc7 1-0

[Event "Anti Cheating Blitz Cup"]
[Site "Chess.com INT"]
[Date "2020.05.20"]
[Round "5"]
[White "Varriale, Luca"]
[Black "Fornaciari, Alberto"]
[Result "1-0"]
[WhiteElo "2199"]
[BlackElo "1717"]
[PlyCount "111"]
[EventDate "2020.05.20"]
[EventType "swiss (blitz)"]
[EventRounds "11"]
[EventCountry "USA"]
[SourceTitle "CBM 196 Extra"]
[Source "ChessBase"]
[SourceDate "2020.07.31"]
[SourceVersion "1"]
[SourceVersionDate "2020.07.31"]
[SourceQuality "1"]

1. d4 Nf6 2. c4 g6 3. Nc3 d5 4. Nf3 Bg7 5. Qa4+ c6 6. cxd5 Nxd5 7. e4 Nxc3 8. bxc3 0-0 9. Be2 c5 10. 0-0 cxd4 11. cxd4 Bg4 12. Be3 Nc6 13. Rfd1 a6 14. d5 b5 15. Qa3 b4 16. Qa4 Na5 17. Rab1 Rb8 18. Rxb4 Rxb4 19. Qxb4 Qc7 20. Bb6 Qc2 21. Qd2 Qxd2 22. Rxd2 Nb7 23. Bxa6 Nd6 24. Bd3 Rb8 25. Be3 Rc8 26. h3 Bxf3 27. gxf3 Nc4 28. Rc2 Nxe3 29. Rxc8+ Bf8 30. fxe3 Kg7 31. a4 e6 32. Rxf8 Kxf8 33. dxe6 fxe6 34. a5 Ke7 35. a6 Kd7 36. a7 Kc7 37. a8Q Kd6 38. Qh8 e5 39. h4 h5 40. Qh7 Ke6 41. Qh6 Kf7 42. Qg5 Kg7 43. Kf2 Kh7 44. Kg3 Kg7 45. Qxe5+ Kh7 46. Qg5 Kg7 47. f4 Kh7 48. e5 Kg7 49. e4 Kf8 50. f5 Kf7 51. Qxg6+ Kf8 52. e6 Ke7 53. Kf4 Kf8 54. Kg5 Ke7 55. Qf7+ Kd8 56. Qd7# 1-0

[Event "Titled Tuesday intern op 21st April"]
[Site "Chess.com INT"]
[Date "2020.04.21"]
[Round "3"]
[White "Kanyamarala, Tarun"]
[Black "Varriale, Luca"]
[Result "1-0"]
[WhiteElo "2384"]
[BlackElo "2199"]
[PlyCount "69"]
[EventDate "2020.04.21"]
[EventType "swiss (blitz)"]
[EventRounds "10"]
[EventCountry "USA"]
[SourceTitle "EXT 2021"]
[Source "ChessBase"]
[SourceDate "2020.10.23"]
[SourceVersion "1"]
[SourceVersionDate "2020.10.23"]
[SourceQuality "1"]

1. e4 c6 2. d4 d5 3. e5 c5 4. dxc5 Nc6 5. f4 Nh6 6. Nf3 Bg4 7. Be3 e6 8. c3 Nf5 9. Bf2 g5 10. fxg5 Bxf3 11. Qxf3 Qxg5 12. Nd2 Bh6 13. 0-0-0 Nxe5 14. Bb5+ Kf8 15. Qe2 Ng4 16. Bg1 Nge3 17. g3 Nxd1 18. Kxd1 Qxd2+ 19. Qxd2 Bxd2 20. Kxd2 Ke7 21. g4 Nh4 22. Bf2 Nf3+ 23. Ke3 Ne5 24. Bh4+ f6 25. g5 Ng4+ 26. Kf4 f5 27. Re1 Rhf8 28. g6+ Nf6 29. gxh7 Kf7 30. Bxf6 Kxf6 31. Bd7 e5+ 32. Rxe5 Rh8 33. Bxf5 Rhf8 34. Rxd5 Kg7 35. Kg5 1-0

[Event "ITA-ch U20 78th"]
[Site "Salerno"]
[Date "2018.11.29"]
[Round "3"]
[White "Loiacono, Antonio"]
[Black "Varriale, Luca"]
[Result "1/2-1/2"]
[WhiteElo "2293"]
[BlackElo "2226"]
[PlyCount "128"]
[EventDate "2018.11.27"]
[EventType "tourn"]
[EventRounds "7"]
[EventCountry "ITA"]
[EventCategory "2"]
[SourceTitle "CBM 187 Extra"]
[Source "ChessBase"]
[SourceDate "2018.11.04"]
[SourceVersion "1"]
[SourceVersionDate "2018.11.04"]
[SourceQuality "1"]

1. e4 c5 2. Nf3 e6 3. d4 cxd4 4. Nxd4 Nc6 5. Nc3 Qc7 6. g3 a6 7. Bg2 Nf6 8. 0-0 h5 9. Nxc6 dxc6 10. h3 e5 11. Bg5 Be7 12. a4 Be6 13. a5 Bb4 14. Qf3 Ng8 15. Rfd1 f6 16. Be3 Bxa5 17. Nd5 cxd5 18. exd5 Bd7 19. d6 Qd8 20. Qxb7 Rb8 21. Qxa6 Bb6 22. Bxb6 Rxb6 23. Qd3 f5 24. Ra8 Rb8 25. Rxb8 Qxb8 26. Ra1 Qxb2 27. Ra8+ Kf7 28. Qc4+ Kg6 29. Rxg8 Rxg8 30. Qxg8 Qc1+ 31. Kh2 Qxc2 32. Qd8 Qa4 33. h4 Qb5 34. Qg5+ Kf7 35. Qxh5+ Kf6 36. Qg5+ Kf7 37. h5 e4 38. Qe7+ Kg8 39. Qd8+ Kf7 40. Qe7+ Kg8 41. Qg5 Qe5 42. Qd8+ Qe8 43. Qxe8+ Bxe8 44. Kh3 Kf7 45. Kh4 Kf6 46. Bh3 g5+ 47. hxg6 Kxg6 48. Bf1 Kf6 49. Be2 Ke5 50. Kg5 Bd7 51. Bh5 Kxd6 52. Kf6 Kd5 53. Bf7+ Kd4 54. Be6 e3 55. fxe3+ Kxe3 56. Bxf5 Be8 57. g4 Kf4 58. Be6 Bc6 59. g5 Be4 60. Bf7 Bd3 61. Bg6 Be2 62. Bc2 Bh5 63. Bb3 Be8 64. Bd1 Bf7 1/2-1/2

[Event "Titled Tuesday intern op 7th Aug"]
[Site "Chess.com INT"]
[Date "2018.08.07"]
[Round "1"]
[White "Perdomo, Carlos Andres"]
[Black "Varriale, Luca"]
[Result "0-1"]
[WhiteElo "2301"]
[BlackElo "2251"]
[PlyCount "116"]
[EventDate "2018.08.07"]
[EventType "swiss (blitz)"]
[EventRounds "10"]
[EventCountry "USA"]
[SourceTitle "EXT 2021"]
[Source "ChessBase"]
[SourceDate "2020.10.23"]
[SourceVersion "1"]
[SourceVersionDate "2020.10.23"]
[SourceQuality "1"]

1. c4 c5 2. Nc3 Nc6 3. Nf3 e5 4. d3 d6 5. g3 g6 6. Bg2 Bg7 7. 0-0 Nf6 8. Rb1 a5 9. a3 0-0 10. Nd2 Bd7 11. Nde4 Nxe4 12. Nxe4 Qc7 13. Bd2 h6 14. b4 f5 15. Nc3 axb4 16. Nd5 Qd8 17. axb4 cxb4 18. Bxb4 Nxb4 19. Nxb4 Ba4 20. Qc1 Ra7 21. Qe3 Qa5 22. Nd5 Kh7 23. Rb6 Bc6 24. Rfb1 f4 25. Qc1 fxg3 26. hxg3 Qc5 27. Qe3 Qa3 28. R6b3 Qc5 29. Qxc5 dxc5 30. Nc3 e4 31. Bxe4 Bxc3 32. Bxc6 bxc6 33. Rxc3 Ra2 34. Kf1 Re8 35. Re1 Re5 36. Rb3 Kg7 37. Rb7+ Kf6 38. Rc7 Re6 39. Rc8 Ke5 40. Rh8 h5 41. Rf8 Kd4 42. Rf3 Kc3 43. Re3 Rxe3 44. fxe3 Kd2 45. Kf2 Ra8 46. Rb1 Rf8+ 47. Kg2 Kxe3 48. Rb6 Rf6 49. Rb8 Kxe2 50. Rd8 Ke3 51. Rd7 Re6 52. Rd8 Kd2 53. Kf3 Re3+ 54. Kf4 Rxd3 55. Rc8 Rd4+ 56. Ke5 Rxc4 57. Rxc6 Rg4 58. Rd6+ Ke3 0-1

[Event "Titled Tuesday intern op 7th Aug"]
[Site "Chess.com INT"]
[Date "2018.08.07"]
[Round "4"]
[White "Varriale, Luca"]
[Black "Perez Rodriguez, Jennifer"]
[Result "1-0"]
[WhiteElo "2251"]
[BlackElo "2159"]
[PlyCount "51"]
[EventDate "2018.08.07"]
[EventType "swiss (blitz)"]
[EventRounds "10"]
[EventCountry "USA"]
[SourceTitle "EXT 2021"]
[Source "ChessBase"]
[SourceDate "2020.10.23"]
[SourceVersion "1"]
[SourceVersionDate "2020.10.23"]
[SourceQuality "1"]

1. d4 Nf6 2. Nc3 d5 3. Bf4 c6 4. e3 Bf5 5. Bd3 Bxd3 6. Qxd3 e6 7. f3 Bd6 8. Bg3 Bxg3+ 9. hxg3 h6 10. 0-0-0 Nbd7 11. g4 Rg8 12. Nh3 Qc7 13. e4 0-0-0 14. e5 Ne8 15. g5 h5 16. g6 f5 17. Ng5 Qa5 18. Nxe6 Nc7 19. Nxd8 Rxd8 20. Qxf5 Kb8 21. Rxh5 Nb6 22. Rdh1 Nc4 23. Rh8 Ne8 24. Qf7 Qb4 25. Nd1 Qd2+ 26. Kb1 1-0

[Event "ITA-chT 50th"]
[Site "Gallipoli"]
[Date "2018.04.29"]
[Round "4.4"]
[White "Varriale, Luca"]
[Black "Piscopo, Pierluigi"]
[Result "1/2-1/2"]
[WhiteElo "2250"]
[BlackElo "2406"]
[PlyCount "67"]
[EventDate "2018.04.27"]
[EventType "team-swiss"]
[EventRounds "7"]
[EventCountry "ITA"]
[SourceTitle "CBM 184 Extra"]
[Source "ChessBase"]
[SourceDate "2018.06.28"]
[SourceVersion "1"]
[SourceVersionDate "2018.06.28"]
[SourceQuality "1"]
[WhiteTeam "Informatica Commerciale"]
[BlackTeam "Partenopea"]
[WhiteTeamCountry "ITA"]
[BlackTeamCountry "ITA"]

1. d4 Nf6 2. c4 e6 3. Nc3 Bb4 4. Qc2 Nc6 5. Nf3 d6 6. Bd2 0-0 7. e3 e5 8. d5 Ne7 9. Bd3 c6 10. dxc6 bxc6 11. a3 Ba5 12. c5 Ned5 13. Nb1 Re8 14. Ng5 h6 15. Ne4 Nxe4 16. Bxe4 Ba6 17. cxd6 Bxd2+ 18. Nxd2 Qxd6 19. Nb3 Rab8 20. Nc5 Rxb2 21. Qxb2 Qxc5 22. Bxd5 cxd5 23. Rc1 Bc4 24. Qc3 Rb8 25. f3 Qe7 26. Kf2 Rb3 27. Qc2 e4 28. Rhe1 Qf6 29. Rb1 Rxa3 30. Rb2 g6 31. Kg1 Kg7 32. fxe4 Rxe3 33. Rbb1 Bd3 34. Qd2 1/2-1/2

[Event "Sitges Sunway op 4th"]
[Site "Sitges"]
[Date "2017.12.15"]
[Round "1"]
[White "Varriale, Luca"]
[Black "Edouard, Romain"]
[Result "0-1"]
[WhiteElo "2245"]
[BlackElo "2621"]
[PlyCount "64"]
[EventDate "2017.12.15"]
[EventType "swiss"]
[EventRounds "9"]
[EventCountry "ESP"]
[SourceTitle "CBM 182 Extra"]
[Source "ChessBase"]
[SourceDate "2018.02.23"]
[SourceVersion "1"]
[SourceVersionDate "2018.02.23"]
[SourceQuality "1"]

1. d4 e6 2. c4 b6 3. a3 Bb7 4. Nc3 f5 5. d5 Nf6 6. g3 e5 7. e4 fxe4 8. Bg5 e3 9. Bxe3 Bc5 10. Bxc5 bxc5 11. Bd3 0-0 12. Qe2 d6 13. Nf3 h6 14. 0-0-0 c6 15. Nh4 cxd5 16. cxd5 Bc8 17. f3 Nbd7 18. Ng6 Re8 19. g4 Nf8 20. Nxf8 Rxf8 21. h4 Rb8 22. g5 Nh5 23. gxh6 Nf4 24. Qf2 gxh6 25. Bb1 Kh8 26. Ne4 Ba6 27. Rd2 Rf7 28. Ng5 Rfb7 29. Ne6 Qf6 30. Be4 Rb3 31. Kb1 Nd3 32. Bxd3 Bxd3+ 0-1

[Event "ITA-ch U20"]
[Site "Perugia"]
[Date "2016.07.19"]
[Round "3"]
[White "Varriale, Luca"]
[Black "Barp, Alberto"]
[Result "1/2-1/2"]
[WhiteElo "2118"]
[BlackElo "2286"]
[PlyCount "115"]
[EventDate "2016.07.18"]
[EventType "swiss"]
[EventRounds "8"]
[EventCountry "ITA"]
[SourceTitle "EXT 2024"]
[Source "ChessBase"]
[SourceDate "2023.10.10"]
[SourceVersion "1"]
[SourceVersionDate "2023.10.10"]
[SourceQuality "1"]

1. d4 d5 2. c4 e6 3. Nf3 c6 4. e3 Nf6 5. b3 Nbd7 6. Bd3 Bd6 7. Bb2 0-0 8. 0-0 Qe7 9. Ne5 c5 10. Nd2 b6 11. Nc6 Qe8 12. e4 cxd4 13. exd5 Nc5 14. Nf3 exd5 15. Ncxd4 Nxd3 16. Qxd3 Qe4 17. Qxe4 dxe4 18. Ne1 Be5 19. Nec2 Rd8 20. Rab1 Bb7 21. Nf5 Ng4 22. Bxe5 Nxe5 23. Rbd1 g6 24. Nd6 Bc6 25. Nb4 f5 26. Nxc6 Nxc6 27. Nb5 Kf7 28. Nc7 Rac8 29. Nd5 Ne7 30. Nxe7 Kxe7 31. Rfe1 Rxd1 32. Rxd1 Rd8 33. Rxd8 Kxd8 34. f3 exf3 35. gxf3 Kd7 36. Kf2 Kd6 37. b4 Ke5 38. Ke3 g5 39. h3 a6 40. Kd3 h5 41. Ke3 a5 42. a3 a4 43. Kd3 g4 44. fxg4 fxg4 45. hxg4 hxg4 46. Ke3 g3 47. Kf3 Kd4 48. c5 bxc5 49. b5 c4 50. b6 c3 51. b7 c2 52. b8Q c1Q 53. Qd6+ Kc3 54. Qb4+ Kd3 55. Qe4+ Kd2 56. Qd4+ Kc2 57. Qxa4+ Kb2 58. Qb4+ 1/2-1/2

[Event "Amantea op 12th"]
[Site "Amantea"]
[Date "2014.09.10"]
[Round "4"]
[White "Farago, Ivan"]
[Black "Varriale, Luca"]
[Result "1-0"]
[WhiteElo "2428"]
[BlackElo "2037"]
[PlyCount "105"]
[EventDate "2014.09.07"]
[EventType "swiss"]
[EventRounds "9"]
[EventCountry "ITA"]
[SourceTitle "CBM 162 Extra"]
[Source "ChessBase"]
[SourceDate "2014.10.17"]
[SourceVersion "1"]
[SourceVersionDate "2014.10.17"]
[SourceQuality "1"]

1. d4 Nf6 2. c4 c5 3. d5 e5 4. Nc3 d6 5. e4 Be7 6. Be2 Nbd7 7. Nf3 0-0 8. 0-0 Ne8 9. a3 g6 10. Bh6 Ng7 11. Qd2 Nf6 12. Ne1 Kh8 13. Nd3 Ng8 14. Be3 f5 15. f4 exf4 16. Bxf4 fxe4 17. Nxe4 Nf6 18. Ng3 Nf5 19. Qc3 Kg8 20. Nxf5 Bxf5 21. Bh6 Rf7 22. g4 Bxd3 23. Bxd3 Bf8 24. Bg5 Nxd5 25. Bxd8 Nxc3 26. Rxf7 Kxf7 27. Rf1+ Kg8 28. Bf6 Na4 29. Be4 Nb6 30. Bxb7 Re8 31. Bc6 Re2 32. a4 Bg7 33. a5 Nc8 34. Bd5+ Kh8 35. Bxg7+ Kxg7 36. Rf7+ Kh6 37. h4 g5 38. Rf6+ Kg7 39. hxg5 Ne7 40. Rxd6 Nxd5 41. Rxd5 Rxb2 42. Rxc5 Kg6 43. Kf1 Rc2 44. Ke1 Rg2 45. Rc7 Rxg4 46. Kd2 Rxg5 47. Rxa7 h5 48. a6 h4 49. Ra8 Kg7 50. a7 Ra5 51. Ke2 h3 52. Kf2 Ra1 53. Kg3 1-0

[Event "ITA-ch U16"]
[Site "Tarvisio"]
[Date "2014.07.03"]
[Round "7"]
[White "Marzaduri, Riccardo"]
[Black "Varriale, Luca"]
[Result "1/2-1/2"]
[WhiteElo "1962"]
[BlackElo "1959"]
[PlyCount "37"]
[EventDate "2014.06.29"]
[EventType "swiss"]
[EventRounds "9"]
[EventCountry "ITA"]
[SourceTitle "EXT 2015"]
[Source "ChessBase"]
[SourceDate "2014.11.20"]
[SourceVersion "1"]
[SourceVersionDate "2014.11.20"]
[SourceQuality "1"]

1. e4 c6 2. d4 d5 3. Nd2 dxe4 4. Nxe4 Nd7 5. Ng5 Ngf6 6. Bc4 e6 7. Qe2 Nb6 8. Bd3 Qxd4 9. N1f3 Qd5 10. 0-0 h6 11. Nxf7 Kxf7 12. Rd1 Qh5 13. Ne5+ Kg8 14. Bg6 Qxe2 15. Bf7+ Kh7 16. Bg6+ Kg8 17. Bf7+ Kh7 18. Bg6+ Kg8 19. Bf7+ 1/2-1/2